00819nam a2200265 a 4500001001000000003000500010005001700015008004100032010001100073011001100084020001800095040000900113082001600122245019300138260002400331300001000355650002600365650002500391650002700416650002700443650002300470700002200493700002000515700001800535000110208CHAP20220329144122.0140801s2013 it |r| ||||||spa d a106670 a107642 a9789253074617 cCHAP04a628.1bF21810aPasaporte para integrar el género en los programas de agua :bpreguntas clave para las intervenciones en el sector agrícola /cpor Esther de Jong, Juan Antonio Sagardoy y Sisto Ilaria. aRoma :bFAO,c2013. a61 p.14aAguaxAbastecimiento.14aComunidades rurales.14aDesarrollo agrícola.14aOrdenación de aguas.14aPapel de la mujer.0 aSagardoy, Juan A.1 aDe Jong, Esther1 aSisto, Ilaria